|
|
|
|
| LEADER |
01167nam a2200325 a 4500 |
| 001 |
1406 |
| 003 |
BD-DhAAL |
| 005 |
20150210100704.0 |
| 008 |
150210s1992 enk b 001 0 eng |
| 010 |
|
|
|a 92053513
|
| 020 |
|
|
|a 0803986882
|
| 040 |
|
|
|a DLC
|c DLC
|d BD-DhAAL
|
| 050 |
0 |
0 |
|a D1058
|b .E9212 1992
|
| 082 |
|
|
|a 327.1
|
| 245 |
0 |
0 |
|a European detente :
|b a reappraisal /
|c edited by Richard Davy.
|
| 260 |
|
|
|a London :
|b Royal Institute of International Affairs :
|b Sage Publications,
|c 1992.
|
| 300 |
|
|
|a viii, 277 p. ;
|c 23 cm.
|
| 504 |
|
|
|a Includes bibliographical references and index.
|
| 541 |
|
|
|e 1406
|
| 648 |
|
7 |
|a Since 1945
|2 fast
|9 8186
|
| 650 |
|
0 |
|a Detente.
|9 8187
|
| 650 |
|
7 |
|a Detente
|2 fast
|9 8188
|
| 650 |
|
7 |
|a Political science
|2 fast
|9 8189
|
| 651 |
|
0 |
|a Europe
|x Politics and government
|y 1945-
|9 8190
|
| 651 |
|
7 |
|a Europe
|2 fast
|9 8191
|
| 700 |
1 |
|
|a Davy, Richard.
|9 8192
|
| 710 |
2 |
|
|a Royal Institute of International Affairs.
|9 8193
|
| 942 |
|
|
|2 ddc
|c BK
|
| 999 |
|
|
|c 33640
|d 33640
|
| 952 |
|
|
|0 0
|1 0
|2 ddc
|4 0
|6 327_100000000000000_EUR
|7 0
|9 52538
|a SCL
|b SCL
|c GEN
|d 2015-02-10
|e Gift: The Asia Foundation
|l 0
|o 327.1 EUR
|p 3020001406
|r 2015-02-10
|t 1
|w 2015-02-10
|y BK
|